书目信息 |
| 题名: |
大自然中的化学现象
|
|
| 作者: | 石杰 , 宋利刚 主编 | |
| 分册: | ||
| 出版信息: | 北京 中国社会出版社 2004.01 |
|
| 页数: | 82页 | |
| 开本: | 26cm | |
| 丛书名: | ||
| 单 册: | ||
| 中图分类: | O6-49 | |
| 科图分类: | ||
| 主题词: | 化学--hua xue--普及读物 | |
| 电子资源: | ||
| ISBN: | 7-80146-923-2 | |
| 000 | 00785nam0 2200229 450 | |
| 001 | 0162718340 | |
| 005 | 20051130100237.34 | |
| 010 | @a7-80146-923-2@dCNY19.80 | |
| 100 | @a20050323d2004 km y0chiy0120 ea | |
| 101 | 0 | @achi |
| 102 | @aCN@b110000 | |
| 105 | @aa z 000yy | |
| 200 | 1 | @a大自然中的化学现象@Ada zi ran zhong de hua xue xian xiang@f石杰, 宋利刚主编@Fshi jie,song li gang zhu bian |
| 210 | @a北京@c中国社会出版社@d2004.01 | |
| 215 | @a82页@c图@d26cm | |
| 330 | @a本书包括大气中的化学现象、地球中的化学现象、生命中的化学现象三部分。通俗易懂地讲述了大自然中的化学现象。 | |
| 606 | 0 | @a化学@Ahua xue@x普及读物 |
| 690 | @aO6-49@v4 | |
| 701 | 0 | @a石杰@Ashi jie@4主编 |
| 701 | 0 | @a宋利刚@Asong li gang@4主编 |
| 801 | 0 | @aCN@bQSSK@c20051130 |
| 905 | @a10447@dO6-49@eS525 | |
| 大自然中的化学现象/石杰, 宋利刚主编.-北京:中国社会出版社,2004.01 |
| 82页:图;26cm |
| ISBN 7-80146-923-2:CNY19.80 |
| 本书包括大气中的化学现象、地球中的化学现象、生命中的化学现象三部分。通俗易懂地讲述了大自然中的化学现象。 |
| ● |
| 相关链接 |
|
|
|
正题名:大自然中的化学现象
索取号:O6-49/S525
 
预约/预借
| 序号 | 登录号 | 条形码 | 馆藏地/架位号 | 状态 | 备注 |
| 1 | 577204 | 205772047 | 自科库401/401自科库 61排4列5层/ [索取号:O6-49/S525] | 在馆 | |
| 2 | 577205 | 205772056 | 自科库401/401自科库 61排4列5层/ [索取号:O6-49/S525] | 在馆 | |
| 3 | 577206 | 205772065 | 自科库401/401自科库 61排4列5层/ [索取号:O6-49/S525] | 在馆 |